| 000 | 00000nam##2200000za#4500 |
| 001 | 9.567092 |
| 003 | CaOODSP |
| 005 | 20240527135426 |
| 007 | cr ||||||||||| |
| 008 | 150406|2009||||xxc|||||o f|0| 0 eng|d |
| 020 | |a978-1-100-15285-1 |
| 040 | |aCaOODSP|beng |
| 043 | |an-cn--- |
| 086 | 1 |aCW69-5/507E-PDF |
| 110 | 2 |aCanadian Wildlife Service. |
| 245 | 10|aShorebird observations and surveys at Luck Lake, Saskatchewan, 1993-2002 / |h[electronic resource]|c[by] Gerard W. Beyersbergen. |
| 260 | |aEdmonton - Alberta : |bEnvironment Canada. |cc2009. |
| 300 | |a37p.|bcoloured figs., references, tables |
| 490 | 1 |aCanadian Wildlife Service, technical report series|v507 |
| 546 | |a(Résumés en français.) |
| 590 | |a15-01-Supp|b2015-01-26 |
| 775 | 08|tDes observations et des relevés d'oiseaux de rivage au lac Luck, Saskatchewan, 1993-2002 / |w(CaOODSP)9.598456 |
| 830 | #0|aTechnical report series (Canadian Wildlife Service)|v507|w(CaOODSP)9.504438 |
| 856 | 40|ahttp://publications.gc.ca|qPDF|s2.21 MB|uhttps://publications.gc.ca/collections/collection_2015/ec/CW69-5-507-eng.pdf|y507 |